Statistics for Top 5 All-Time Goal Scorers by Nation (Active Players)

Click here to take the quiz!

General Stats

  • This quiz has been taken 21 times
  • The average score is 12 of 45

Answer Stats

GoalsAnswer% Correct
45Mohamed Salah
100%
32Sadio Mane
100%
26Riyad Mahrez
89%
17Hakim Ziyech
83%
23Andre Ayew
56%
46Asamoah Gyan
56%
41Islam Slimani
56%
19Jordan Ayew
56%
18Ahmed Musa
44%
33Vincent Aboubakar
44%
14Youssef En-Nesyri
44%
23Gervinho
39%
8Mohamed Elneny
39%
12Victor Moses
39%
8Trezeguet
33%
15Victor Osimhen
33%
24Wahbi Khazri
33%
18Eric Maxim Choupo-Moting
28%
23Salomon Kalou
28%
16Wilfried Bony
28%
16Odion Ighalo
22%
20Sofiane Feghouli
22%
19Sulley Muntari
22%
16Max Gradel
11%
12Thomas Partey
11%
16Youssef El Arabi
11%
24Baghdad Bounedjah
6%
7Benjamin Moukandjo
6%
24El Arbi Hillel Soudani
6%
9Jonathan Kodjia
6%
17Youssef Msakni
6%
10Ayoub El Kaabi
0%
7Basem Morsy
0%
10Clinton N'Jie
0%
10Famara Diedhiou
0%
16Ikechukwu Uche
0%
37Issam Jemaa
0%
12Karl Toko Ekambi
0%
9Khalid Boutaib
0%
7Marwan Mohsen
0%
11Moussa Konate
0%
17Moussa Sow
0%
13Naim Sliti
0%
16Papiss Demba Cisse
0%
10Selfeddine Jaziri
0%

Score Distribution

Percentile by Number Answered

Percent of People with Each Score

Your Score History

You have not taken this quiz